000 00261nmm a2200085Ia 4500
008 220120s9999||||xx |||||||||||||||||und||
100 _aSchilling, Robert, J and Harris, Sandra, L
245 0 _aFundamentals of digital signal processing using matlab
260 _c2005
999 _c139427
_d139427